Statystyki dla Wszystkie Stolice Afryki

Kliknij tutaj aby rozwiązać quiz!

Ogólne statystyki

  • Ten quiz został rozwiązany 41 razy
  • Średni wynik to 28 z 54

Statystyki odpowiedzi

PodpowiedźOdpowiedź% Poprawnych
EgiptKair
100%
MarokoRabat
95%
AlgieriaAlgier
89%
LibiaTrypolis
89%
TunezjaTunis
89%
SenegalDakar
84%
EtiopiaAddis Abeba
79%
KeniaNairobi
79%
Gwinea BissauBissau
68%
SudanChartum
68%
DżibutiDżibuti
68%
SomaliaMogadiszu
68%
Republika Południowej AfrykiPretoria/Bloemfontein/Kapsztad
68%
MadagaskarAntananarywa
63%
NigeriaAbudża
58%
GhanaAkra
58%
TanzaniaDodoma
53%
Sudan PołudniowyDżuba
53%
Demokratyczna Republika KongaKinszasa
53%
TogoLomé
53%
AngolaLuanda
53%
NamibiaWindhuk
53%
MaliBamako
47%
KongoBrazzaville
47%
Sierra LeoneFreetown
47%
KamerunJaunde
47%
UgandaKampala
47%
RwandaKigali
47%
MozambikMaputo
47%
LiberiaMonrovia
47%
CzadNdżamena
47%
Wyspy Świętego Tomasza i KsiążęcaSão Tomé
47%
ErytreaAsmara
42%
ZimbabweHarare
42%
ZambiaLusaka
42%
MauretaniaNawakszut
42%
NigerNiamey
42%
Republika Zielonego PrzylądkaPraia
42%
Burkina FasoWagadugu
42%
GambiaBandżul
37%
BotswanaGaborone
37%
GwineaKonakry
37%
MalawiLilongwe
37%
LesothoMaseru
37%
EwatiniMbabane
37%
BeninPorto-Novo
37%
SeszeleVictoria
37%
Republika ŚrodkowoafrykańskaBangi
32%
BurundiGitega
32%
Wybrzeże Kości SłoniowejJamusukro
32%
GabonLibreville
32%
Gwinea RównikowaMalabo
32%
KomoryMoroni
32%
MauritiusPort Louis
32%

Rozkład punktacji

Percentyl według liczby udzielonych odpowiedzi

Procent ludzi z każdym wynikiem

Twoja historia wyników

Nie rozwiązałeś tego quizu